<?xml version="1.0" encoding="UTF-8"?>
<record
    xmlns:xsi="http://www.w3.org/2001/XMLSchema-instance"
    xsi:schemaLocation="http://www.loc.gov/MARC21/slim http://www.loc.gov/standards/marcxml/schema/MARC21slim.xsd"
    xmlns="http://www.loc.gov/MARC21/slim">

  <leader>02034    a2200325   4500</leader>
  <controlfield tag="003">NUST</controlfield>
  <controlfield tag="005">20170116221727.0</controlfield>
  <datafield tag="010" ind1=" " ind2=" ">
    <subfield code="a">2011944305</subfield>
  </datafield>
  <datafield tag="020" ind1=" " ind2=" ">
    <subfield code="a">1111827060</subfield>
  </datafield>
  <datafield tag="020" ind1=" " ind2=" ">
    <subfield code="a">9781111827069</subfield>
  </datafield>
  <datafield tag="020" ind1=" " ind2=" ">
    <subfield code="a">9781133492467</subfield>
  </datafield>
  <datafield tag="035" ind1=" " ind2=" ">
    <subfield code="a">(OCoLC)ocn785847811</subfield>
  </datafield>
  <datafield tag="035" ind1=" " ind2=" ">
    <subfield code="a">17060080</subfield>
  </datafield>
  <datafield tag="035" ind1=" " ind2=" ">
    <subfield code="a">DAW20979638</subfield>
  </datafield>
  <datafield tag="040" ind1=" " ind2=" ">
    <subfield code="c">NUST</subfield>
  </datafield>
  <datafield tag="082" ind1="0" ind2="4">
    <subfield code="a">515.35</subfield>
  </datafield>
  <datafield tag="100" ind1="1" ind2=" ">
    <subfield code="a">Zill, Dennis G.,</subfield>
  </datafield>
  <datafield tag="245" ind1="1" ind2="0">
    <subfield code="a">Differential equations with boundary-value problems /</subfield>
    <subfield code="c">Dennis G. Zill, Warren S. Wright, Michael R. Cullen</subfield>
    <subfield code="b">with boundary - value problems</subfield>
  </datafield>
  <datafield tag="250" ind1=" " ind2=" ">
    <subfield code="a">8th ed.</subfield>
  </datafield>
  <datafield tag="260" ind1=" " ind2=" ">
    <subfield code="a">Boston, MA :</subfield>
    <subfield code="b">Brooks/Cole, Cengage Learning,</subfield>
    <subfield code="c">2013</subfield>
  </datafield>
  <datafield tag="300" ind1=" " ind2=" ">
    <subfield code="a">xv, P-28, 549, APP-23, ANS-32, I-11 p. :</subfield>
    <subfield code="b">col. ill., col. maps ;</subfield>
    <subfield code="c">29 cm</subfield>
  </datafield>
  <datafield tag="505" ind1=" " ind2=" ">
    <subfield code="a">1. Introduction to Differential Equations (Page-01), 2. First-Order Differential Equations (Page-35),3. Modeling with First-Order Differential Equations (Page-83),4. Higher-Order Differential Equations (Page-116), 5. Modeling with Higher-Order Differential Equations (Page-192),6. Series Solutions of Linear Equations (Page-231), 7. Laplace Transform (Page-273), 8. Systems of Linear First-Order Differential Equations (Page-325),9. Numerical Solutions of Ordinary Differential Equations (Page362-), 10. Plane Autonomous Systems (Page-385),11. Orthogonal Functions and Fourier series (Page-419), 12. Boundary-Value Problems in Rectangular Coordinates (Page-455),13. Boundary-Value Problems in Other Coordinate Systems (Page-493), 14. Integral Transform Method (Page-510),15. Numerical Solutions of Partial Differential Equations (Page-534).</subfield>
  </datafield>
  <datafield tag="538" ind1=" " ind2=" ">
    <subfield code="a">Almirah No.44 Shelf No.5</subfield>
  </datafield>
  <datafield tag="650" ind1=" " ind2="0">
    <subfield code="a">Boundary value problems.</subfield>
  </datafield>
  <datafield tag="650" ind1=" " ind2="0">
    <subfield code="a">Differential equations</subfield>
  </datafield>
  <datafield tag="700" ind1="1" ind2=" ">
    <subfield code="4">aut</subfield>
  </datafield>
  <datafield tag="856" ind1="4" ind2="1">
    <subfield code="3">Contributor biographical information</subfield>
    <subfield code="u">http://www.loc.gov/catdir/enhancements/fy1303/2011944305-b.html</subfield>
  </datafield>
  <datafield tag="856" ind1="4" ind2="1">
    <subfield code="3">Publisher description</subfield>
    <subfield code="u">http://www.loc.gov/catdir/enhancements/fy1303/2011944305-d.html</subfield>
  </datafield>
  <datafield tag="856" ind1="4" ind2="1">
    <subfield code="3">Table of contents only</subfield>
    <subfield code="u">http://www.loc.gov/catdir/enhancements/fy1303/2011944305-t.html</subfield>
  </datafield>
  <datafield tag="942" ind1=" " ind2=" ">
    <subfield code="2">ddc</subfield>
    <subfield code="c">BK</subfield>
  </datafield>
  <datafield tag="999" ind1=" " ind2=" ">
    <subfield code="c">128057</subfield>
    <subfield code="d">128057</subfield>
  </datafield>
  <datafield tag="952" ind1=" " ind2=" ">
    <subfield code="0">0</subfield>
    <subfield code="1">0</subfield>
    <subfield code="2">ddc</subfield>
    <subfield code="4">0</subfield>
    <subfield code="7">0</subfield>
    <subfield code="a">NQC</subfield>
    <subfield code="b">NQC</subfield>
    <subfield code="c">TEXT</subfield>
    <subfield code="d">2020-01-16</subfield>
    <subfield code="e">purchased</subfield>
    <subfield code="l">0</subfield>
    <subfield code="o">515.35</subfield>
    <subfield code="p">Q-736</subfield>
    <subfield code="r">2020-01-16</subfield>
    <subfield code="w">2020-01-16</subfield>
    <subfield code="y">BK</subfield>
  </datafield>
  <datafield tag="952" ind1=" " ind2=" ">
    <subfield code="0">0</subfield>
    <subfield code="1">0</subfield>
    <subfield code="2">ddc</subfield>
    <subfield code="4">0</subfield>
    <subfield code="7">0</subfield>
    <subfield code="a">NQC</subfield>
    <subfield code="b">NQC</subfield>
    <subfield code="c">TEXT</subfield>
    <subfield code="d">2020-01-16</subfield>
    <subfield code="e">purchased</subfield>
    <subfield code="l">0</subfield>
    <subfield code="o">515.35</subfield>
    <subfield code="p">Q-737</subfield>
    <subfield code="r">2020-01-16</subfield>
    <subfield code="w">2020-01-16</subfield>
    <subfield code="y">BK</subfield>
  </datafield>
  <datafield tag="952" ind1=" " ind2=" ">
    <subfield code="0">0</subfield>
    <subfield code="1">0</subfield>
    <subfield code="2">ddc</subfield>
    <subfield code="4">0</subfield>
    <subfield code="7">0</subfield>
    <subfield code="a">NQC</subfield>
    <subfield code="b">NQC</subfield>
    <subfield code="c">TEXT</subfield>
    <subfield code="d">2020-01-16</subfield>
    <subfield code="e">purchased</subfield>
    <subfield code="l">0</subfield>
    <subfield code="o">515.35</subfield>
    <subfield code="p">Q-738</subfield>
    <subfield code="r">2020-01-16</subfield>
    <subfield code="w">2020-01-16</subfield>
    <subfield code="y">BK</subfield>
  </datafield>
  <datafield tag="952" ind1=" " ind2=" ">
    <subfield code="0">0</subfield>
    <subfield code="1">0</subfield>
    <subfield code="2">ddc</subfield>
    <subfield code="4">0</subfield>
    <subfield code="7">0</subfield>
    <subfield code="a">NQC</subfield>
    <subfield code="b">NQC</subfield>
    <subfield code="c">TEXT</subfield>
    <subfield code="d">2020-01-16</subfield>
    <subfield code="e">purchased</subfield>
    <subfield code="l">0</subfield>
    <subfield code="o">515.35</subfield>
    <subfield code="p">Q-739</subfield>
    <subfield code="r">2020-01-16</subfield>
    <subfield code="w">2020-01-16</subfield>
    <subfield code="y">BK</subfield>
  </datafield>
  <datafield tag="952" ind1=" " ind2=" ">
    <subfield code="0">0</subfield>
    <subfield code="1">0</subfield>
    <subfield code="2">ddc</subfield>
    <subfield code="4">0</subfield>
    <subfield code="7">0</subfield>
    <subfield code="a">NQC</subfield>
    <subfield code="b">NQC</subfield>
    <subfield code="c">TEXT</subfield>
    <subfield code="d">2020-01-16</subfield>
    <subfield code="e">purchased</subfield>
    <subfield code="l">0</subfield>
    <subfield code="o">515.35</subfield>
    <subfield code="p">Q-740</subfield>
    <subfield code="r">2020-01-16</subfield>
    <subfield code="w">2020-01-16</subfield>
    <subfield code="y">BK</subfield>
  </datafield>
  <datafield tag="952" ind1=" " ind2=" ">
    <subfield code="0">0</subfield>
    <subfield code="1">0</subfield>
    <subfield code="2">ddc</subfield>
    <subfield code="4">0</subfield>
    <subfield code="7">0</subfield>
    <subfield code="a">NQC</subfield>
    <subfield code="b">NQC</subfield>
    <subfield code="c">TEXT</subfield>
    <subfield code="d">2020-01-16</subfield>
    <subfield code="e">purchased</subfield>
    <subfield code="l">0</subfield>
    <subfield code="o">515.35</subfield>
    <subfield code="p">Q-741</subfield>
    <subfield code="r">2020-01-16</subfield>
    <subfield code="w">2020-01-16</subfield>
    <subfield code="y">BK</subfield>
  </datafield>
  <datafield tag="952" ind1=" " ind2=" ">
    <subfield code="0">0</subfield>
    <subfield code="1">0</subfield>
    <subfield code="2">ddc</subfield>
    <subfield code="4">0</subfield>
    <subfield code="7">0</subfield>
    <subfield code="a">NQC</subfield>
    <subfield code="b">NQC</subfield>
    <subfield code="c">TEXT</subfield>
    <subfield code="d">2020-01-16</subfield>
    <subfield code="e">purchased</subfield>
    <subfield code="l">0</subfield>
    <subfield code="o">515.35</subfield>
    <subfield code="p">Q-742</subfield>
    <subfield code="r">2020-01-16</subfield>
    <subfield code="w">2020-01-16</subfield>
    <subfield code="y">BK</subfield>
  </datafield>
  <datafield tag="952" ind1=" " ind2=" ">
    <subfield code="0">0</subfield>
    <subfield code="1">0</subfield>
    <subfield code="2">ddc</subfield>
    <subfield code="4">0</subfield>
    <subfield code="7">0</subfield>
    <subfield code="a">NQC</subfield>
    <subfield code="b">NQC</subfield>
    <subfield code="c">TEXT</subfield>
    <subfield code="d">2020-01-16</subfield>
    <subfield code="e">purchased</subfield>
    <subfield code="l">0</subfield>
    <subfield code="o">515.35</subfield>
    <subfield code="p">Q-743</subfield>
    <subfield code="r">2020-01-16</subfield>
    <subfield code="w">2020-01-16</subfield>
    <subfield code="y">BK</subfield>
  </datafield>
  <datafield tag="952" ind1=" " ind2=" ">
    <subfield code="0">0</subfield>
    <subfield code="1">0</subfield>
    <subfield code="2">ddc</subfield>
    <subfield code="4">0</subfield>
    <subfield code="7">0</subfield>
    <subfield code="a">NQC</subfield>
    <subfield code="b">NQC</subfield>
    <subfield code="c">TEXT</subfield>
    <subfield code="d">2020-01-16</subfield>
    <subfield code="e">purchased</subfield>
    <subfield code="l">0</subfield>
    <subfield code="o">515.35</subfield>
    <subfield code="p">Q-744</subfield>
    <subfield code="r">2020-01-16</subfield>
    <subfield code="w">2020-01-16</subfield>
    <subfield code="y">BK</subfield>
  </datafield>
  <datafield tag="952" ind1=" " ind2=" ">
    <subfield code="0">0</subfield>
    <subfield code="1">0</subfield>
    <subfield code="2">ddc</subfield>
    <subfield code="4">0</subfield>
    <subfield code="7">0</subfield>
    <subfield code="a">NQC</subfield>
    <subfield code="b">NQC</subfield>
    <subfield code="c">TEXT</subfield>
    <subfield code="d">2020-01-16</subfield>
    <subfield code="e">purchased</subfield>
    <subfield code="l">0</subfield>
    <subfield code="o">515.35</subfield>
    <subfield code="p">Q-745</subfield>
    <subfield code="r">2020-01-16</subfield>
    <subfield code="w">2020-01-16</subfield>
    <subfield code="y">BK</subfield>
  </datafield>
  <datafield tag="952" ind1=" " ind2=" ">
    <subfield code="0">0</subfield>
    <subfield code="1">0</subfield>
    <subfield code="2">ddc</subfield>
    <subfield code="4">0</subfield>
    <subfield code="7">0</subfield>
    <subfield code="a">NQC</subfield>
    <subfield code="b">NQC</subfield>
    <subfield code="c">TEXT</subfield>
    <subfield code="d">2020-01-16</subfield>
    <subfield code="e">purchased</subfield>
    <subfield code="l">0</subfield>
    <subfield code="o">515.35</subfield>
    <subfield code="p">Q-746</subfield>
    <subfield code="r">2020-01-16</subfield>
    <subfield code="w">2020-01-16</subfield>
    <subfield code="y">BK</subfield>
  </datafield>
  <datafield tag="952" ind1=" " ind2=" ">
    <subfield code="0">0</subfield>
    <subfield code="1">0</subfield>
    <subfield code="2">ddc</subfield>
    <subfield code="4">0</subfield>
    <subfield code="7">0</subfield>
    <subfield code="a">NQC</subfield>
    <subfield code="b">NQC</subfield>
    <subfield code="c">TEXT</subfield>
    <subfield code="d">2020-01-16</subfield>
    <subfield code="e">purchased</subfield>
    <subfield code="l">0</subfield>
    <subfield code="o">515.35</subfield>
    <subfield code="p">Q-747</subfield>
    <subfield code="r">2020-01-16</subfield>
    <subfield code="w">2020-01-16</subfield>
    <subfield code="y">BK</subfield>
  </datafield>
  <datafield tag="952" ind1=" " ind2=" ">
    <subfield code="0">0</subfield>
    <subfield code="1">0</subfield>
    <subfield code="2">ddc</subfield>
    <subfield code="4">0</subfield>
    <subfield code="7">0</subfield>
    <subfield code="a">NQC</subfield>
    <subfield code="b">NQC</subfield>
    <subfield code="c">TEXT</subfield>
    <subfield code="d">2020-01-16</subfield>
    <subfield code="e">purchased</subfield>
    <subfield code="l">0</subfield>
    <subfield code="o">515.35</subfield>
    <subfield code="p">Q-748</subfield>
    <subfield code="r">2020-01-16</subfield>
    <subfield code="w">2020-01-16</subfield>
    <subfield code="y">BK</subfield>
  </datafield>
  <datafield tag="952" ind1=" " ind2=" ">
    <subfield code="0">0</subfield>
    <subfield code="1">0</subfield>
    <subfield code="2">ddc</subfield>
    <subfield code="4">0</subfield>
    <subfield code="7">0</subfield>
    <subfield code="a">NQC</subfield>
    <subfield code="b">NQC</subfield>
    <subfield code="c">TEXT</subfield>
    <subfield code="d">2020-01-16</subfield>
    <subfield code="e">purchased</subfield>
    <subfield code="l">0</subfield>
    <subfield code="o">515.35</subfield>
    <subfield code="p">Q-749</subfield>
    <subfield code="r">2020-01-16</subfield>
    <subfield code="w">2020-01-16</subfield>
    <subfield code="y">BK</subfield>
  </datafield>
  <datafield tag="952" ind1=" " ind2=" ">
    <subfield code="0">0</subfield>
    <subfield code="1">0</subfield>
    <subfield code="2">ddc</subfield>
    <subfield code="4">0</subfield>
    <subfield code="7">0</subfield>
    <subfield code="a">NQC</subfield>
    <subfield code="b">NQC</subfield>
    <subfield code="c">TEXT</subfield>
    <subfield code="d">2020-01-16</subfield>
    <subfield code="e">purchased</subfield>
    <subfield code="l">0</subfield>
    <subfield code="o">515.35</subfield>
    <subfield code="p">Q-750</subfield>
    <subfield code="r">2020-01-16</subfield>
    <subfield code="w">2020-01-16</subfield>
    <subfield code="y">BK</subfield>
  </datafield>
  <datafield tag="952" ind1=" " ind2=" ">
    <subfield code="0">0</subfield>
    <subfield code="1">0</subfield>
    <subfield code="2">ddc</subfield>
    <subfield code="4">0</subfield>
    <subfield code="7">0</subfield>
    <subfield code="a">NQC</subfield>
    <subfield code="b">NQC</subfield>
    <subfield code="c">TEXT</subfield>
    <subfield code="d">2020-01-16</subfield>
    <subfield code="e">purchased</subfield>
    <subfield code="l">0</subfield>
    <subfield code="o">515.35</subfield>
    <subfield code="p">Q-751</subfield>
    <subfield code="r">2020-01-16</subfield>
    <subfield code="w">2020-01-16</subfield>
    <subfield code="y">BK</subfield>
  </datafield>
  <datafield tag="952" ind1=" " ind2=" ">
    <subfield code="0">0</subfield>
    <subfield code="1">0</subfield>
    <subfield code="2">ddc</subfield>
    <subfield code="4">0</subfield>
    <subfield code="7">0</subfield>
    <subfield code="a">NQC</subfield>
    <subfield code="b">NQC</subfield>
    <subfield code="c">TEXT</subfield>
    <subfield code="d">2020-01-16</subfield>
    <subfield code="e">purchased</subfield>
    <subfield code="l">0</subfield>
    <subfield code="o">515.35</subfield>
    <subfield code="p">Q-752</subfield>
    <subfield code="r">2020-01-16</subfield>
    <subfield code="w">2020-01-16</subfield>
    <subfield code="y">BK</subfield>
  </datafield>
  <datafield tag="952" ind1=" " ind2=" ">
    <subfield code="0">0</subfield>
    <subfield code="1">0</subfield>
    <subfield code="2">ddc</subfield>
    <subfield code="4">0</subfield>
    <subfield code="7">0</subfield>
    <subfield code="a">NQC</subfield>
    <subfield code="b">NQC</subfield>
    <subfield code="c">TEXT</subfield>
    <subfield code="d">2020-01-16</subfield>
    <subfield code="e">purchased</subfield>
    <subfield code="l">0</subfield>
    <subfield code="o">515.35</subfield>
    <subfield code="p">Q-753</subfield>
    <subfield code="r">2020-01-16</subfield>
    <subfield code="w">2020-01-16</subfield>
    <subfield code="y">BK</subfield>
  </datafield>
  <datafield tag="952" ind1=" " ind2=" ">
    <subfield code="0">0</subfield>
    <subfield code="1">0</subfield>
    <subfield code="2">ddc</subfield>
    <subfield code="4">0</subfield>
    <subfield code="7">0</subfield>
    <subfield code="a">NQC</subfield>
    <subfield code="b">NQC</subfield>
    <subfield code="c">TEXT</subfield>
    <subfield code="d">2020-01-16</subfield>
    <subfield code="e">purchased</subfield>
    <subfield code="l">0</subfield>
    <subfield code="o">515.35</subfield>
    <subfield code="p">Q-754</subfield>
    <subfield code="r">2020-01-16</subfield>
    <subfield code="w">2020-01-16</subfield>
    <subfield code="y">BK</subfield>
  </datafield>
  <datafield tag="952" ind1=" " ind2=" ">
    <subfield code="0">0</subfield>
    <subfield code="1">0</subfield>
    <subfield code="2">ddc</subfield>
    <subfield code="4">0</subfield>
    <subfield code="7">0</subfield>
    <subfield code="a">NQC</subfield>
    <subfield code="b">NQC</subfield>
    <subfield code="c">TEXT</subfield>
    <subfield code="d">2020-01-16</subfield>
    <subfield code="e">purchased</subfield>
    <subfield code="l">0</subfield>
    <subfield code="o">515.35</subfield>
    <subfield code="p">Q-755</subfield>
    <subfield code="r">2020-01-16</subfield>
    <subfield code="w">2020-01-16</subfield>
    <subfield code="y">BK</subfield>
  </datafield>
  <datafield tag="952" ind1=" " ind2=" ">
    <subfield code="0">0</subfield>
    <subfield code="1">0</subfield>
    <subfield code="2">ddc</subfield>
    <subfield code="4">0</subfield>
    <subfield code="7">0</subfield>
    <subfield code="a">NQC</subfield>
    <subfield code="b">NQC</subfield>
    <subfield code="c">TEXT</subfield>
    <subfield code="d">2020-01-16</subfield>
    <subfield code="e">purchased</subfield>
    <subfield code="l">0</subfield>
    <subfield code="o">515.35</subfield>
    <subfield code="p">Q-756</subfield>
    <subfield code="r">2020-01-16</subfield>
    <subfield code="w">2020-01-16</subfield>
    <subfield code="y">BK</subfield>
  </datafield>
  <datafield tag="952" ind1=" " ind2=" ">
    <subfield code="0">0</subfield>
    <subfield code="1">0</subfield>
    <subfield code="2">ddc</subfield>
    <subfield code="4">0</subfield>
    <subfield code="7">0</subfield>
    <subfield code="a">NQC</subfield>
    <subfield code="b">NQC</subfield>
    <subfield code="c">TEXT</subfield>
    <subfield code="d">2020-01-16</subfield>
    <subfield code="e">purchased</subfield>
    <subfield code="l">0</subfield>
    <subfield code="o">515.35</subfield>
    <subfield code="p">Q-757</subfield>
    <subfield code="r">2020-01-16</subfield>
    <subfield code="w">2020-01-16</subfield>
    <subfield code="y">BK</subfield>
  </datafield>
  <datafield tag="952" ind1=" " ind2=" ">
    <subfield code="0">0</subfield>
    <subfield code="1">0</subfield>
    <subfield code="2">ddc</subfield>
    <subfield code="4">0</subfield>
    <subfield code="7">0</subfield>
    <subfield code="a">NQC</subfield>
    <subfield code="b">NQC</subfield>
    <subfield code="c">TEXT</subfield>
    <subfield code="d">2020-01-16</subfield>
    <subfield code="e">purchased</subfield>
    <subfield code="l">0</subfield>
    <subfield code="o">515.35</subfield>
    <subfield code="p">Q-758</subfield>
    <subfield code="r">2020-01-16</subfield>
    <subfield code="w">2020-01-16</subfield>
    <subfield code="y">BK</subfield>
  </datafield>
  <datafield tag="952" ind1=" " ind2=" ">
    <subfield code="0">0</subfield>
    <subfield code="1">0</subfield>
    <subfield code="2">ddc</subfield>
    <subfield code="4">0</subfield>
    <subfield code="7">0</subfield>
    <subfield code="a">NQC</subfield>
    <subfield code="b">NQC</subfield>
    <subfield code="c">TEXT</subfield>
    <subfield code="d">2020-01-16</subfield>
    <subfield code="e">purchased</subfield>
    <subfield code="l">0</subfield>
    <subfield code="o">515.35</subfield>
    <subfield code="p">Q-759</subfield>
    <subfield code="r">2020-01-16</subfield>
    <subfield code="w">2020-01-16</subfield>
    <subfield code="y">BK</subfield>
  </datafield>
  <datafield tag="952" ind1=" " ind2=" ">
    <subfield code="0">0</subfield>
    <subfield code="1">0</subfield>
    <subfield code="2">ddc</subfield>
    <subfield code="4">0</subfield>
    <subfield code="7">0</subfield>
    <subfield code="a">NQC</subfield>
    <subfield code="b">NQC</subfield>
    <subfield code="c">TEXT</subfield>
    <subfield code="d">2020-01-16</subfield>
    <subfield code="e">purchased</subfield>
    <subfield code="l">0</subfield>
    <subfield code="o">515.35</subfield>
    <subfield code="p">Q-760</subfield>
    <subfield code="r">2020-01-16</subfield>
    <subfield code="w">2020-01-16</subfield>
    <subfield code="y">BK</subfield>
  </datafield>
  <datafield tag="952" ind1=" " ind2=" ">
    <subfield code="0">0</subfield>
    <subfield code="1">0</subfield>
    <subfield code="2">ddc</subfield>
    <subfield code="4">0</subfield>
    <subfield code="7">0</subfield>
    <subfield code="a">NQC</subfield>
    <subfield code="b">NQC</subfield>
    <subfield code="c">TEXT</subfield>
    <subfield code="d">2020-01-16</subfield>
    <subfield code="e">purchased</subfield>
    <subfield code="l">0</subfield>
    <subfield code="o">515.35</subfield>
    <subfield code="p">Q-761</subfield>
    <subfield code="r">2020-01-16</subfield>
    <subfield code="w">2020-01-16</subfield>
    <subfield code="y">BK</subfield>
  </datafield>
  <datafield tag="952" ind1=" " ind2=" ">
    <subfield code="0">0</subfield>
    <subfield code="1">0</subfield>
    <subfield code="2">ddc</subfield>
    <subfield code="4">0</subfield>
    <subfield code="7">0</subfield>
    <subfield code="a">NQC</subfield>
    <subfield code="b">NQC</subfield>
    <subfield code="c">TEXT</subfield>
    <subfield code="d">2020-01-16</subfield>
    <subfield code="e">purchased</subfield>
    <subfield code="l">0</subfield>
    <subfield code="o">515.35</subfield>
    <subfield code="p">Q-762</subfield>
    <subfield code="r">2020-01-16</subfield>
    <subfield code="w">2020-01-16</subfield>
    <subfield code="y">BK</subfield>
  </datafield>
  <datafield tag="952" ind1=" " ind2=" ">
    <subfield code="0">0</subfield>
    <subfield code="1">0</subfield>
    <subfield code="2">ddc</subfield>
    <subfield code="4">0</subfield>
    <subfield code="7">0</subfield>
    <subfield code="a">NQC</subfield>
    <subfield code="b">NQC</subfield>
    <subfield code="c">TEXT</subfield>
    <subfield code="d">2020-01-16</subfield>
    <subfield code="e">purchased</subfield>
    <subfield code="l">0</subfield>
    <subfield code="o">515.35</subfield>
    <subfield code="p">Q-763</subfield>
    <subfield code="r">2020-01-16</subfield>
    <subfield code="w">2020-01-16</subfield>
    <subfield code="y">BK</subfield>
  </datafield>
  <datafield tag="952" ind1=" " ind2=" ">
    <subfield code="0">0</subfield>
    <subfield code="1">0</subfield>
    <subfield code="2">ddc</subfield>
    <subfield code="4">0</subfield>
    <subfield code="7">0</subfield>
    <subfield code="a">NQC</subfield>
    <subfield code="b">NQC</subfield>
    <subfield code="c">TEXT</subfield>
    <subfield code="d">2020-01-16</subfield>
    <subfield code="e">purchased</subfield>
    <subfield code="l">0</subfield>
    <subfield code="o">515.35</subfield>
    <subfield code="p">Q-764</subfield>
    <subfield code="r">2020-01-16</subfield>
    <subfield code="w">2020-01-16</subfield>
    <subfield code="y">BK</subfield>
  </datafield>
  <datafield tag="952" ind1=" " ind2=" ">
    <subfield code="0">0</subfield>
    <subfield code="1">0</subfield>
    <subfield code="2">ddc</subfield>
    <subfield code="4">0</subfield>
    <subfield code="7">0</subfield>
    <subfield code="a">NQC</subfield>
    <subfield code="b">NQC</subfield>
    <subfield code="c">TEXT</subfield>
    <subfield code="d">2020-01-16</subfield>
    <subfield code="e">purchased</subfield>
    <subfield code="l">0</subfield>
    <subfield code="o">515.35</subfield>
    <subfield code="p">Q-765</subfield>
    <subfield code="r">2020-01-16</subfield>
    <subfield code="w">2020-01-16</subfield>
    <subfield code="y">BK</subfield>
  </datafield>
  <datafield tag="952" ind1=" " ind2=" ">
    <subfield code="0">0</subfield>
    <subfield code="1">0</subfield>
    <subfield code="2">ddc</subfield>
    <subfield code="4">0</subfield>
    <subfield code="7">0</subfield>
    <subfield code="a">NQC</subfield>
    <subfield code="b">NQC</subfield>
    <subfield code="c">TEXT</subfield>
    <subfield code="d">2020-01-16</subfield>
    <subfield code="e">purchased</subfield>
    <subfield code="l">0</subfield>
    <subfield code="o">515.35</subfield>
    <subfield code="p">Q-766</subfield>
    <subfield code="r">2020-01-16</subfield>
    <subfield code="w">2020-01-16</subfield>
    <subfield code="y">BK</subfield>
  </datafield>
  <datafield tag="952" ind1=" " ind2=" ">
    <subfield code="0">0</subfield>
    <subfield code="1">0</subfield>
    <subfield code="2">ddc</subfield>
    <subfield code="4">0</subfield>
    <subfield code="7">0</subfield>
    <subfield code="a">NQC</subfield>
    <subfield code="b">NQC</subfield>
    <subfield code="c">TEXT</subfield>
    <subfield code="d">2020-01-16</subfield>
    <subfield code="e">purchased</subfield>
    <subfield code="l">0</subfield>
    <subfield code="o">515.35</subfield>
    <subfield code="p">Q-767</subfield>
    <subfield code="r">2020-01-16</subfield>
    <subfield code="w">2020-01-16</subfield>
    <subfield code="y">BK</subfield>
  </datafield>
  <datafield tag="952" ind1=" " ind2=" ">
    <subfield code="0">0</subfield>
    <subfield code="1">0</subfield>
    <subfield code="2">ddc</subfield>
    <subfield code="4">0</subfield>
    <subfield code="7">0</subfield>
    <subfield code="a">NQC</subfield>
    <subfield code="b">NQC</subfield>
    <subfield code="c">TEXT</subfield>
    <subfield code="d">2020-01-16</subfield>
    <subfield code="e">purchased</subfield>
    <subfield code="l">0</subfield>
    <subfield code="o">515.35</subfield>
    <subfield code="p">Q-768</subfield>
    <subfield code="r">2020-01-16</subfield>
    <subfield code="w">2020-01-16</subfield>
    <subfield code="y">BK</subfield>
  </datafield>
  <datafield tag="952" ind1=" " ind2=" ">
    <subfield code="0">0</subfield>
    <subfield code="1">0</subfield>
    <subfield code="2">ddc</subfield>
    <subfield code="4">0</subfield>
    <subfield code="7">0</subfield>
    <subfield code="a">NQC</subfield>
    <subfield code="b">NQC</subfield>
    <subfield code="c">TEXT</subfield>
    <subfield code="d">2020-01-16</subfield>
    <subfield code="e">purchased</subfield>
    <subfield code="l">0</subfield>
    <subfield code="o">515.35</subfield>
    <subfield code="p">Q-769</subfield>
    <subfield code="r">2020-01-16</subfield>
    <subfield code="w">2020-01-16</subfield>
    <subfield code="y">BK</subfield>
  </datafield>
  <datafield tag="952" ind1=" " ind2=" ">
    <subfield code="0">0</subfield>
    <subfield code="1">0</subfield>
    <subfield code="2">ddc</subfield>
    <subfield code="4">0</subfield>
    <subfield code="7">0</subfield>
    <subfield code="a">NQC</subfield>
    <subfield code="b">NQC</subfield>
    <subfield code="c">TEXT</subfield>
    <subfield code="d">2020-01-16</subfield>
    <subfield code="e">purchased</subfield>
    <subfield code="l">0</subfield>
    <subfield code="o">515.35</subfield>
    <subfield code="p">Q-770</subfield>
    <subfield code="r">2020-01-16</subfield>
    <subfield code="w">2020-01-16</subfield>
    <subfield code="y">BK</subfield>
  </datafield>
  <datafield tag="952" ind1=" " ind2=" ">
    <subfield code="0">0</subfield>
    <subfield code="1">0</subfield>
    <subfield code="2">ddc</subfield>
    <subfield code="4">0</subfield>
    <subfield code="7">0</subfield>
    <subfield code="a">NQC</subfield>
    <subfield code="b">NQC</subfield>
    <subfield code="c">TEXT</subfield>
    <subfield code="d">2020-01-16</subfield>
    <subfield code="e">purchased</subfield>
    <subfield code="l">0</subfield>
    <subfield code="o">515.35</subfield>
    <subfield code="p">Q-771</subfield>
    <subfield code="r">2020-01-16</subfield>
    <subfield code="w">2020-01-16</subfield>
    <subfield code="y">BK</subfield>
  </datafield>
  <datafield tag="952" ind1=" " ind2=" ">
    <subfield code="0">0</subfield>
    <subfield code="1">0</subfield>
    <subfield code="2">ddc</subfield>
    <subfield code="4">0</subfield>
    <subfield code="7">0</subfield>
    <subfield code="a">NQC</subfield>
    <subfield code="b">NQC</subfield>
    <subfield code="c">TEXT</subfield>
    <subfield code="d">2020-01-16</subfield>
    <subfield code="e">purchased</subfield>
    <subfield code="l">0</subfield>
    <subfield code="o">515.35</subfield>
    <subfield code="p">Q-772</subfield>
    <subfield code="r">2020-01-16</subfield>
    <subfield code="w">2020-01-16</subfield>
    <subfield code="y">BK</subfield>
  </datafield>
  <datafield tag="952" ind1=" " ind2=" ">
    <subfield code="0">0</subfield>
    <subfield code="1">0</subfield>
    <subfield code="2">ddc</subfield>
    <subfield code="4">0</subfield>
    <subfield code="7">0</subfield>
    <subfield code="a">NQC</subfield>
    <subfield code="b">NQC</subfield>
    <subfield code="c">TEXT</subfield>
    <subfield code="d">2020-01-16</subfield>
    <subfield code="e">purchased</subfield>
    <subfield code="l">0</subfield>
    <subfield code="o">515.35</subfield>
    <subfield code="p">Q-773</subfield>
    <subfield code="r">2020-01-16</subfield>
    <subfield code="w">2020-01-16</subfield>
    <subfield code="y">BK</subfield>
  </datafield>
  <datafield tag="952" ind1=" " ind2=" ">
    <subfield code="0">0</subfield>
    <subfield code="1">0</subfield>
    <subfield code="2">ddc</subfield>
    <subfield code="4">0</subfield>
    <subfield code="7">0</subfield>
    <subfield code="a">NQC</subfield>
    <subfield code="b">NQC</subfield>
    <subfield code="c">TEXT</subfield>
    <subfield code="d">2020-01-16</subfield>
    <subfield code="e">purchased</subfield>
    <subfield code="l">0</subfield>
    <subfield code="o">515.35</subfield>
    <subfield code="p">Q-774</subfield>
    <subfield code="r">2020-01-16</subfield>
    <subfield code="w">2020-01-16</subfield>
    <subfield code="y">BK</subfield>
  </datafield>
  <datafield tag="952" ind1=" " ind2=" ">
    <subfield code="0">0</subfield>
    <subfield code="1">0</subfield>
    <subfield code="2">ddc</subfield>
    <subfield code="4">0</subfield>
    <subfield code="7">0</subfield>
    <subfield code="a">NQC</subfield>
    <subfield code="b">NQC</subfield>
    <subfield code="c">TEXT</subfield>
    <subfield code="d">2020-01-16</subfield>
    <subfield code="e">purchased</subfield>
    <subfield code="l">0</subfield>
    <subfield code="o">515.35</subfield>
    <subfield code="p">Q-775</subfield>
    <subfield code="r">2020-01-16</subfield>
    <subfield code="w">2020-01-16</subfield>
    <subfield code="y">BK</subfield>
  </datafield>
  <datafield tag="952" ind1=" " ind2=" ">
    <subfield code="0">0</subfield>
    <subfield code="1">0</subfield>
    <subfield code="2">ddc</subfield>
    <subfield code="4">0</subfield>
    <subfield code="7">0</subfield>
    <subfield code="a">NQC</subfield>
    <subfield code="b">NQC</subfield>
    <subfield code="c">TEXT</subfield>
    <subfield code="d">2020-01-16</subfield>
    <subfield code="e">purchased</subfield>
    <subfield code="l">0</subfield>
    <subfield code="o">515.35</subfield>
    <subfield code="p">Q-776</subfield>
    <subfield code="r">2020-01-16</subfield>
    <subfield code="w">2020-01-16</subfield>
    <subfield code="y">BK</subfield>
  </datafield>
  <datafield tag="952" ind1=" " ind2=" ">
    <subfield code="0">0</subfield>
    <subfield code="1">0</subfield>
    <subfield code="2">ddc</subfield>
    <subfield code="4">0</subfield>
    <subfield code="7">0</subfield>
    <subfield code="a">NQC</subfield>
    <subfield code="b">NQC</subfield>
    <subfield code="c">TEXT</subfield>
    <subfield code="d">2020-01-16</subfield>
    <subfield code="e">purchased</subfield>
    <subfield code="l">0</subfield>
    <subfield code="o">515.35</subfield>
    <subfield code="p">Q-777</subfield>
    <subfield code="r">2020-01-16</subfield>
    <subfield code="w">2020-01-16</subfield>
    <subfield code="y">BK</subfield>
  </datafield>
  <datafield tag="952" ind1=" " ind2=" ">
    <subfield code="0">0</subfield>
    <subfield code="1">0</subfield>
    <subfield code="2">ddc</subfield>
    <subfield code="4">0</subfield>
    <subfield code="7">0</subfield>
    <subfield code="a">NQC</subfield>
    <subfield code="b">NQC</subfield>
    <subfield code="c">TEXT</subfield>
    <subfield code="d">2020-01-16</subfield>
    <subfield code="e">purchased</subfield>
    <subfield code="l">0</subfield>
    <subfield code="o">515.35</subfield>
    <subfield code="p">Q-778</subfield>
    <subfield code="r">2020-01-16</subfield>
    <subfield code="w">2020-01-16</subfield>
    <subfield code="y">BK</subfield>
  </datafield>
  <datafield tag="952" ind1=" " ind2=" ">
    <subfield code="0">0</subfield>
    <subfield code="1">0</subfield>
    <subfield code="2">ddc</subfield>
    <subfield code="4">0</subfield>
    <subfield code="7">0</subfield>
    <subfield code="a">NQC</subfield>
    <subfield code="b">NQC</subfield>
    <subfield code="c">TEXT</subfield>
    <subfield code="d">2020-01-16</subfield>
    <subfield code="e">purchased</subfield>
    <subfield code="l">0</subfield>
    <subfield code="o">515.35</subfield>
    <subfield code="p">Q-779</subfield>
    <subfield code="r">2020-01-16</subfield>
    <subfield code="w">2020-01-16</subfield>
    <subfield code="y">BK</subfield>
  </datafield>
  <datafield tag="952" ind1=" " ind2=" ">
    <subfield code="0">0</subfield>
    <subfield code="1">0</subfield>
    <subfield code="2">ddc</subfield>
    <subfield code="4">0</subfield>
    <subfield code="7">0</subfield>
    <subfield code="a">NQC</subfield>
    <subfield code="b">NQC</subfield>
    <subfield code="c">TEXT</subfield>
    <subfield code="d">2020-01-16</subfield>
    <subfield code="e">purchased</subfield>
    <subfield code="l">0</subfield>
    <subfield code="o">515.35</subfield>
    <subfield code="p">Q-780</subfield>
    <subfield code="r">2020-01-16</subfield>
    <subfield code="w">2020-01-16</subfield>
    <subfield code="y">BK</subfield>
  </datafield>
  <datafield tag="952" ind1=" " ind2=" ">
    <subfield code="0">0</subfield>
    <subfield code="1">0</subfield>
    <subfield code="2">ddc</subfield>
    <subfield code="4">0</subfield>
    <subfield code="7">0</subfield>
    <subfield code="a">NQC</subfield>
    <subfield code="b">NQC</subfield>
    <subfield code="c">TEXT</subfield>
    <subfield code="d">2020-01-16</subfield>
    <subfield code="e">purchased</subfield>
    <subfield code="l">0</subfield>
    <subfield code="o">515.35</subfield>
    <subfield code="p">Q-781</subfield>
    <subfield code="r">2020-01-16</subfield>
    <subfield code="w">2020-01-16</subfield>
    <subfield code="y">BK</subfield>
  </datafield>
  <datafield tag="952" ind1=" " ind2=" ">
    <subfield code="0">0</subfield>
    <subfield code="1">0</subfield>
    <subfield code="2">ddc</subfield>
    <subfield code="4">0</subfield>
    <subfield code="7">0</subfield>
    <subfield code="a">NQC</subfield>
    <subfield code="b">NQC</subfield>
    <subfield code="c">TEXT</subfield>
    <subfield code="d">2020-01-16</subfield>
    <subfield code="e">purchased</subfield>
    <subfield code="l">0</subfield>
    <subfield code="o">515.35</subfield>
    <subfield code="p">Q-782</subfield>
    <subfield code="r">2020-01-16</subfield>
    <subfield code="w">2020-01-16</subfield>
    <subfield code="y">BK</subfield>
  </datafield>
  <datafield tag="952" ind1=" " ind2=" ">
    <subfield code="0">0</subfield>
    <subfield code="1">0</subfield>
    <subfield code="2">ddc</subfield>
    <subfield code="4">0</subfield>
    <subfield code="7">0</subfield>
    <subfield code="a">NQC</subfield>
    <subfield code="b">NQC</subfield>
    <subfield code="c">TEXT</subfield>
    <subfield code="d">2020-01-16</subfield>
    <subfield code="e">purchased</subfield>
    <subfield code="l">0</subfield>
    <subfield code="o">515.35</subfield>
    <subfield code="p">Q-783</subfield>
    <subfield code="r">2020-01-16</subfield>
    <subfield code="w">2020-01-16</subfield>
    <subfield code="y">BK</subfield>
  </datafield>
  <datafield tag="952" ind1=" " ind2=" ">
    <subfield code="0">0</subfield>
    <subfield code="1">0</subfield>
    <subfield code="2">ddc</subfield>
    <subfield code="4">0</subfield>
    <subfield code="7">0</subfield>
    <subfield code="a">NQC</subfield>
    <subfield code="b">NQC</subfield>
    <subfield code="c">TEXT</subfield>
    <subfield code="d">2020-01-16</subfield>
    <subfield code="e">purchased</subfield>
    <subfield code="l">0</subfield>
    <subfield code="o">515.35</subfield>
    <subfield code="p">Q-784</subfield>
    <subfield code="r">2020-01-16</subfield>
    <subfield code="w">2020-01-16</subfield>
    <subfield code="y">BK</subfield>
  </datafield>
  <datafield tag="952" ind1=" " ind2=" ">
    <subfield code="0">0</subfield>
    <subfield code="1">0</subfield>
    <subfield code="2">ddc</subfield>
    <subfield code="4">0</subfield>
    <subfield code="7">0</subfield>
    <subfield code="a">NQC</subfield>
    <subfield code="b">NQC</subfield>
    <subfield code="c">TEXT</subfield>
    <subfield code="d">2020-01-16</subfield>
    <subfield code="e">purchased</subfield>
    <subfield code="l">0</subfield>
    <subfield code="o">515.35</subfield>
    <subfield code="p">Q-785</subfield>
    <subfield code="r">2020-01-16</subfield>
    <subfield code="w">2020-01-16</subfield>
    <subfield code="y">BK</subfield>
  </datafield>
</record>
